000 00549nam a2200193Ia 4500
005 20260114185559.0
008 008 260114s9999 xx 000 0 eng d
020 _a9798400617409
037 _aEBOOK
040 _aCRL
_beng
_cCRL
041 _aeng
_2eng
084 _qCRL
100 _aQian Guo
_9871819
245 0 _aBeijing Geography, History, and Culture
260 _bBloomsbury
_c2020
856 _uhttps://doi.org/10.5040/9798400617409?locatt=label:secondary_bloomsburyCollections
942 _cEBOOK
999 _c1470767
_d1470767